Statystyki dla Kraje najbliższe Kamerunowi (z mapą)

Kliknij tutaj aby rozwiązać quiz!

Ogólne statystyki

  • Ten quiz został rozwiązany 259 razy
  • Średni wynik to 14 z 20

Odpowiedzi na mapie

Odpowiedzi skodowane kolorowo w zielono-czerwonej skali na mapie do tego quizu, zgodnie z poniższymi procentami.
 

Statystyki odpowiedzi

kraj% Poprawnych
Dem Rep Konga
92%
Niger
92%
Nigeria
91%
Czad
90%
Kongo
86%
Sudan
77%
Gabon
75%
Republika
Środkowoafrykańska
75%
Gwinea Równikowa
73%
Angola
71%
Togo
71%
Sudan Południowy
70%
Benin
68%
Ghana
66%
Mali
65%
Libia
54%
Burkina Faso
53%
Algieria
52%
Côte d'Ivoire
47%
Wyspy Świętego
Tomasza i Książęca
40%

Rozkład punktacji

Percentyl według liczby udzielonych odpowiedzi

Procent ludzi z każdym wynikiem

Twoja historia wyników

Nie rozwiązałeś tego quizu